00559nam a22001457a 4500003000400000005001700004008004100021040001400062100002400076245013400100260001000234300003200244500011000276504002700386OSt20171010095448.0120621t xxu||||| |||| 00| 0 eng d aMMSUcULS aBatuyong, Daisy S.  aDevelopment of a portable standby generator used for small electrical load driven by gasoline engine scooter cDaisy S. Batuyong  c2007  aviii, [50] leaves c28 cm.  aThesis (BS Electrical Engineering) -- Mariano Marcos State University-College of Engineering, Batac City  aBibliography: leaf 36